000
00301nam a2200109Ia 4500
008
200302s9999 xx 000 0 und d
100
_a
Ernest Burden
245
_a
Visual Presentation A Practical Manual for Architects and Engineers
260
_b
Thames and Hudson Ltd.
260
_c
1977
300
_a
87 P.,
999
_c
118
_d
118